01280nam a2200337Ia 4500001001200000003000800012006001900020007001500039008004100054010001700095020003500112020003800147020001800185040002100203035002100224050002800245082001400273100001900287245010800306250001200414260005000426300002300476504005100499533015200550650002800702650002300730655002900753710001700782856012600799999001700925ebr10716209CaPaEBRm o u cr cn|||||||||130307s2013 inua sb 001 0 eng d z 2013934763 z1118422147 (pbk. : alk. paper) z9781118422144 (pbk. : alk. paper) z9781118452257 aCaPaEBRcCaPaEBR a(OCoLC)84994219214aQA76.76.I59bN63 2013eb04a006.72231 aNodder, Chris.10aEvil by designh[electronic resource] :binteraction design to lead us into temptation /cChris Nodder. a1st ed. aIndianapolis, IN :bJohn Wiley & Sons,c2013. axv, 303 p. :bill. aIncludes bibliographical references and index. aElectronic reproduction.bPalo Alto, Calif. :cebrary,d2013.nAvailable via World Wide Web.nAccess may be limited to ebrary affiliated libraries. 0aInteractive multimedia. 0aWeb sitesxDesign. 7aElectronic books.2local2 aebrary, Inc.40uhttp://site.ebrary.com/lib/rucke/Doc?id=10716209zAn electronic book accessible through the World Wide Web; click to view c25726d25726